000 00700cam a2200217 a 4500
020 _a9789251070369
020 _a9251070369
040 _cBTCTA
082 _a338 FOO 2011 A068 Or.
245 0 0 _aInnovative policies and institutions to support agro-industries development /
260 _aRome :
_bFood and Agriculture Organization,
_c2011.
300 _axv, 379 p. :
_bill. ;
_c25 cm.
650 0 _aAgricultural industries
650 0 _aSustainable agriculture
650 0 _aFood industry and trade
650 0 _aAgriculture and state
700 1 _aDa Silva, Carlos A.
700 1 _aMhlanga, Nomathemba.
710 2 _aFood and Agriculture Organization of the United Nations.
942 _cEK
999 _c14914
_d14914